000 00833nam a2200265Ia 4500
003 OSt
005 20220918170728.0
006 a|||||r|||| 00| 0
007 ta
008 220917b |||||||| |||| 00| 0 eng d
020 _a9780415778787 (hbk)
_c5733.60
024 _a242,660
037 _b33, 07/07/2010, Sunrise Books
_cTextual
040 _aARTS
_cARTS
_beng
041 _2eng
_aeng
082 _aQ0aY, Q0
100 _aWakankar Milind
_930739
245 0 _aSubalternity and religion
_b Prehistory of dalit empowerment in South Asia
260 _aLondon
_bRoutledge UK
_c2010
300 _axii,202p.
_ccm.
490 _aIntersections: Colonial and postcolonial histories
650 _aHISTORY
942 _hQ0aY, Q0
_cTEXL
_2CC
999 _c135415
_d135415